Postacie z Marvela - Statystyki

Ogólne statystyki
  • Ten quiz został rozwiązany 852 razy
  • Średni wynik to 15 z 21
Statystyki odpowiedzi
Hint Odpowiedź % Poprawnych
Robert Downey Jr. Iron Man
99%
Chris Hemsworth Thor
97%
Tom Holland Spider Man
96%
Chris Evans Kapitan Ameryka
95%
Scarlett Johansson Natasha Romanoff
95%
Tom Hiddleston Loki
85%
Chadwick Boseman Czarna Pantera
79%
Benedict Cumberbatch Doctor Strange
77%
Jeremy Renner Hawkeye
77%
Eric Bana Hulk
71%
Chris Pratt Star Lord
71%
Paul Rudd Ant Man
67%
Brie Larson Kapitan Marvel
67%
Zoe Saldana Gamora
66%
Samuel L. Jackson Nick Fury
61%
Tom Hardy Venom
57%
Elizabeth Olsen Wanda Maximoff
50%
Dave Bautista Drax
48%
Karen Gillan Nebula
47%
Sebastian Stan Bucky Barnes
42%
Evangeline Lilly Osa
36%
Nie znaleziono quizów pasujących do podanych kryteriów
Rozkład punktacji
Procent ludzi z każdym wynikiem
Percentyl według liczby udzielonych odpowiedzi
Twoja historia wyników
Nie rozwiązałeś tego quizu